NBA All-Time Starting Lineups - Statistics

General Stats
  • This quiz has been taken 2,005 times
    1,895 since last reset
  • The average score is 119 of 180
Answer Stats
Hint Answer % Correct
Cleveland Cavaliers SF LeBron James
95%
Miami Heat SF LeBron James
95%
Chicago Bulls SG Michael Jordan
95%
Charlotte Hornets SF/SG Dell Curry
94%
Oklahoma City Thunder SF Kevin Durant
94%
Miami Heat 6th Shaquille O'Neal/Glen Rice
94%
Golden State Warriors PG Stephen Curry
94%
Cleveland Cavaliers SG/PG Kyrie Irving
93%
Boston Celtics SF Larry Bird
93%
Chicago Bulls SF Scottie Pippen
93%
Los Angeles Lakers C Shaquille O'Neal
93%
Orlando Magic C Shaquille O'Neal
93%
Dallas Mavericks PF Dirk Nowitzki
92%
Houston Rockets SG James Harden
92%
Brooklyn Nets SF Julius Erving
92%
Philadelphia 76ers SF Julius Erving
92%
Los Angeles Lakers PG Magic Johnson
92%
Los Angeles Clippers PG Chris Paul
91%
New Orleans Pelicans PF David West
91%
Minnesota Timberwolves SG Doug West
91%
Los Angeles Lakers SG/PG Jerry West
91%
Golden State Warriors SG Klay Thompson
91%
Golden State Warriors C Wilt Chamberlain
91%
Philadelphia 76ers C Wilt Chamberlain
91%
Boston Celtics C Bill Russell
90%
Chicago Bulls 6th Dennis Rodman
90%
Detroit Pistons PF Dennis Rodman
90%
Phoenix Suns 6th Devin Booker/Joe Johnson
90%
Los Angeles Lakers 6th Kareem Abdul-Jabbar
90%
Milwaukee Bucks C Kareem Abdul-Jabbar
90%
Miami Heat SG Dwyane Wade
89%
Brooklyn Nets PG Jason Kidd
89%
Dallas Mavericks 6th Jason Kidd
89%
Los Angeles Lakers SF/SG Kobe Bryant
89%
Portland Trail Blazers SF Mychal Thompson
89%
Oklahoma City Thunder SG Russell Westbrook
89%
Denver Nuggets SG David Thompson
88%
Detroit Pistons PG Isiah Thomas
88%
Utah Jazz PF Karl Malone
88%
San Antonio Spurs SF Kawhi Leonard
88%
Toronto Raptors 6th Kawhi Leonard
88%
Minnesota Timberwolves PF Kevin Garnett
88%
San Antonio Spurs PF Tim Duncan
88%
Denver Nuggets PF/SF Carmelo Anthony
87%
New York Knicks SF Carmelo Anthony
87%
Milwaukee Bucks PF Giannis Antetokounmpo
87%
Atlanta Hawks PG Lenny Wilkens
87%
Houston Rockets PF Moses Malone
87%
Chicago Bulls PG Derrick Rose
86%
Houston Rockets C Hakeem Olajuwon
86%
New Orleans Pelicans C Anthony Davis
85%
Miami Heat PF Chris Bosh
85%
Toronto Raptors PF Chris Bosh
85%
Portland Trail Blazers PG Damian Lillard
85%
Atlanta Hawks SF Dominque Wilkins
85%
Utah Jazz PG John Stockton
85%
Washington Wizards PG John Wall
85%
Phoenix Suns PG Steve Nash
85%
San Antonio Spurs PG Tony Parker
85%
New Orleans Pelicans SG/PG Baron Davis
84%
Indiana Pacers 6th Dale Davis/Mel Lewis
84%
San Antonio Spurs C David Robinson
84%
Denver Nuggets 6th Nikola Jokic
84%
Phoenix Suns SF Walter Davis
84%
Los Angeles Clippers 6th Blake Griffin
83%
Washington Wizards SF Gus Johnson
83%
Phoenix Suns SG Kevin Johnson
83%
Charlotte Hornets PF Larry Johnson
83%
Minnesota Timberwolves C Kevin Love
82%
Memphis Grizzlies C Marc Gasol
82%
New York Knicks C Patrick Ewing
82%
Boston Celtics SF/PF Paul Pierce
82%
Orlando Magic 6th Vince Carter/Nick Anderson
82%
Philadelphia 76ers SG Allen Iverson
81%
Boston Celtics PG Bob Cousy
81%
Chicago Bulls PF Bob Love
81%
Milwaukee Bucks PG Oscar Robertson
81%
Sacramento Kings SG Oscar Robertson
81%
Indiana Pacers SG/SF Reggie Miller
81%
Toronto Raptors SF Vince Carter
81%
Indiana Pacers SF Danny Granger/Paul George
80%
San Antonio Spurs 6th Manu Ginobili
80%
Memphis Grizzlies SG/SF Mike Miller
80%
Portland Trail Blazers SG/SF Clyde Drexler
79%
Toronto Raptors PG Kyle Lowry
77%
Orlando Magic SG Penny Hardaway
77%
Boston Celtics 6th Robert Parish/Kevin McHale
77%
Houston Rockets SF/SG Tracy McGrady
77%
Orlando Magic SF Tracy McGrady
77%
Oklahoma City Thunder PG Gary Payton
76%
Charlotte Hornets 6th Gerald Wallace/Glen Rice
76%
Milwaukee Bucks SF/SG Ray Allen
76%
Memphis Grizzlies 6th Shane Battier/Tony Allen
76%
Miami Heat PG Tim Hardaway
76%
Charlotte Hornets SG/PG Kemba Walker
75%
Charlotte Hornets C/PF Alonzo Mourning
74%
Miami Heat C Alonzo Mourning
74%
Boston Celtics SG John Havlicek
74%
Toronto Raptors SG DeMar DeRozan
73%
Brooklyn Nets C Brook Lopez
72%
Indiana Pacers PF Jermaine O'Neal
71%
Memphis Grizzlies PG Mike Conley
71%
Atlanta Hawks PF Bob Pettit
70%
Atlanta Hawks C Dikembe Mutombo
69%
Orlando Magic PF Dwight Howard
69%
Brooklyn Nets PF Buck Williams
68%
Philadelphia 76ers PF Charles Barkley
68%
Golden State Warriors SF Rick Barry
67%
Los Angeles Lakers PF/SF Elgin Baylor
66%
Detroit Pistons SG Joe Dumars
66%
New York Knicks PG Walt Frazier
66%
Portland Trail Blazers C Bill Walton
64%
Oklahoma City Thunder PF Shawn Kemp
64%
Washington Wizards C Wes Unseld
64%
Denver Nuggets SF Alex English
63%
Los Angeles Clippers C Bob McAdoo
63%
San Antonio Spurs SG George Gervin
63%
Cleveland Cavaliers PG Mark Price
62%
Sacramento Kings PF Chris Webber
61%
Chicago Bulls C Artis Gilmore
60%
Phoenix Suns C Amar'e Stoudemire
58%
Memphis Grizzlies PF Zach Randolph
58%
Golden State Warriors 6th Paul Arizin/Chris Mullin
57%
Houston Rockets 6th Yao Ming
57%
New York Knicks PF/C Willis Reed
56%
Detroit Pistons 6th Bill Laimbeer
55%
Utah Jazz 6th Rudy Gobert/Gordon Hayward
54%
Washington Wizards PF Elvin Hayes
52%
Minnesota Timberwolves 6th Karl-Anthony Towns
51%
Oklahoma City Thunder 6th Serge Ibaka
50%
Detroit Pistons SF Grant Hill
48%
Portland Trail Blazers PF LaMarcus Aldridge
47%
Atlanta Hawks 6th Pete Maravich
47%
Utah Jazz SG Pete Maravich
47%
Cleveland Cavaliers 6th Zydrunas Ilgauskas
47%
New Orleans Pelicans PG Jrue Holiday
45%
Indiana Pacers PG Mark Jackson
45%
Sacramento Kings SF Peja Stojakovic
43%
Utah Jazz C Mark Eaton
41%
Phoenix Suns PF Shawn Marion
41%
Milwaukee Bucks SG/PG Sidney Moncrief
41%
New Orleans Pelicans 6th Zion Williamson
41%
Washington Wizards 6th Gilbert Arenas
40%
Charlotte Hornets PG Muggsy Bogues
39%
Portland Trail Blazers 6th Terry Porter/Brandon Roy
39%
Utah Jazz SF/PF Adrian Dantley
36%
Golden State Warriors PF/C Nate Thurmond
36%
Cleveland Cavaliers C Brad Daugherty
34%
Dallas Mavericks SF Mark Aguirre
34%
Detroit Pistons C/PF Bob Lanier
33%
Denver Nuggets PG Fat Lever
32%
Toronto Raptors C Jonas Valanciunas
31%
Indiana Pacers C Rik Smits
31%
Brooklyn Nets 6th Richard Jefferson
30%
New York Knicks SG Earl Monroe
29%
Washington Wizards SG Earl Monroe
29%
Los Angeles Clippers PF Elton Brand
29%
Philadelphia 76ers PG Maurice Cheeks
29%
Oklahoma City Thunder C Jack Sikma
28%
Philadelphia 76ers 6th Dolph Schayes
27%
Milwaukee Bucks 6th Michael Redd
27%
Sacramento Kings C Jerry Lucas
26%
Dallas Mavericks SG Rolando Blackman
26%
Cleveland Cavaliers PF Larry Nance
25%
Sacramento Kings PG Tiny Archibald
25%
Minnesota Timberwolves PG Ricky Rubio
24%
Memphis Grizzlies SF Rudy Gay
24%
Dallas Mavericks PG Derek Harper
23%
Sacramento Kings 6th Mitch Richmond
23%
Los Angeles Clippers SG/PG Ron Harper
23%
Orlando Magic PG Jameer Nelson
20%
Atlanta Hawks SG/SF Lou Hudson
20%
Denver Nuggets C Dan Issel
19%
Houston Rockets PG Calvin Murphy
18%
New Orleans Pelicans SF Eric Gordon
18%
Minnesota Timberwolves SF Wally Szczerbiak
18%
New York Knicks 6th Allan Houston
15%
Dallas Mavericks C Sam Perkins
15%
Los Angeles Clippers SF Danny Manning
8%
Brooklyn Nets SG Otis Birdsong
3%
No matching quizzes found
Score Distribution
Percent of People with Each Score
Percentile by Number Answered
Your Score History
You have not taken this quiz since the last reset